Online
Catalog

La fiesta del Chivo / (Record no. 58619)

MARC details
000 -CABECERA
campo de control de longitud fija 01979nam a2200361 i 4500
003 - IDENTIFICADOR DEL NÚMERO DE CONTROL
campo de control DO-SdBNP
005 - FECHA Y HORA DE LA ÚLTIMA TRANSACCIÓN
campo de control 20250630104810.0
007 - CAMPO FIJO DE DESCRIPCIÓN FÍSICA--INFORMACIÓN GENERAL
campo de control de longitud fija ta
008 - DATOS DE LONGITUD FIJA--INFORMACIÓN GENERAL
campo de control de longitud fija 091120s2000 dr 000 0 spa d
020 ## - NÚMERO INTERNACIONAL ESTÁNDAR DEL LIBRO
Número Internacional Estándar del Libro 8484009572
040 ## - FUENTE DE LA CATALOGACIÓN
Centro catalogador/agencia de origen DO-SdBNP
Lengua de catalogación spa
Centro/agencia transcriptor BNPHU
Normas de descripción rda
041 ## - CÓDIGO DE LENGUA
Código de lengua del texto/banda sonora o título independiente spa
082 #4 - NÚMERO DE LA CLASIFICACIÓN DECIMAL DEWEY
Número de clasificación Pe863.44
Número de documento/Ítem V297f 2000
Número de edición 22
100 1# - ENTRADA PRINCIPAL--NOMBRE DE PERSONA
Nombre de persona Vargas Llosa, Mario,
Fechas asociadas al nombre 1936-
Término indicativo de función/relación autor
Código de función/relación aut.
9 (RLIN) 12567
245 13 - MENCIÓN DE TÍTULO
Título La fiesta del Chivo /
Mención de responsabilidad, etc. Mario Vargas Llosa.
250 ## - MENCIÓN DE EDICIÓN
Mención de edición Segunda edición
264 #4 - PRODUCCIÓN, PUBLICACIÓN, DISTRIBUCIÓN, FABRICACIÓN Y COPYRIGHT
Producción, publicación, distribución, fabricación y copyright Santo Domingo :
Nombre del de productor, editor, distribuidor, fabricante Editora Taller,
Fecha de producción, publicación, distribución, fabricación o copyright ©2000.
300 ## - DESCRIPCIÓN FÍSICA
Extensión 537 páginas ;
Dimensiones 20 cm.
336 ## - TIPO DE CONTENIDO
Término de tipo de contenido texto
Código de tipo de contenido txt
Fuente rdacontent
337 ## - TIPO DE MEDIO
Nombre/término del tipo de medio sin mediación
Código del tipo de medio n
Fuente rdamedia
338 ## - TIPO DE SOPORTE
Nombre/término del tipo de soporte volumen
Código del tipo de soporte nc
Fuente rdacarrier
490 0# - MENCIÓN DE SERIE
Mención de serie Colección Biblioteca Taller ;
Designación de volumen o secuencia 330
500 ## - NOTA GENERAL
Nota general Incluye datos biográficos del autor en la página 9-10
520 1# - SUMARIO, ETC.
Sumario, etc. Novela histórica sobre los últimos días del gen. Rafael Leonidas Trujillo en la República Dominicana en 1961. El hilo conductor de la novela es el retorno a la isla de Urania Cabral, hija de un senador del régimen trujillista, luego de muchos años de la muerte del dictador. Mientras Urania visita a su padre moribundo, la narración reconstruye el fin de una era haciendo un recuento de una serie de personajes históricos, entre ellos, el sempiterno presidente de la República Dominicana, Joaquín Balaguer y ascenso político. La crueldad del poder y la maldad humana destacan en este gran relato, una de las mejores novelas del novelista peruano"--Handbook of Latin American Studies, v. 58. www.loc.gov/hlas/
590 ## - NOTA LOCAL (RLIN)
Nota local Inventariado, 2020 /LP
600 10 - PUNTO DE ACCESO ADICIONAL DE MATERIA--NOMBRE DE PERSONA
Nombre de persona Trujillo Molina, Rafael Leónidas,
Fechas asociadas al nombre 1930-1961
9 (RLIN) 35351
650 #4 - PUNTO DE ACCESO ADICIONAL DE MATERIA--TÉRMINO DE MATERIA
Término de materia o nombre geográfico como elemento de entrada Novela peruana
9 (RLIN) 12569
650 #4 - PUNTO DE ACCESO ADICIONAL DE MATERIA--TÉRMINO DE MATERIA
Término de materia o nombre geográfico como elemento de entrada Literatura peruana
9 (RLIN) 3140
651 #0 - PUNTO DE ACCESO ADICIONAL DE MATERIA--NOMBRE GEOGRÁFICO
Nombre geográfico REPÚBLICA DOMINICANA
Subdivisión general HISTORIA
Subdivisión cronológica ERA DE TRUJILLO, 1930-1961
Subdivisión general NOVELA
Subdivisión de forma Novela
9 (RLIN) 21999
651 #4 - PUNTO DE ACCESO ADICIONAL DE MATERIA--NOMBRE GEOGRÁFICO
Nombre geográfico República Dominicana
Subdivisión general Historia
Subdivisión cronológica 1961
Subdivisión general Novela
9 (RLIN) 30268
910 ## - DATOS DE OPCIÓN DEL USUARIO (OCLC)
Datos de opción del usuario Btavárez/Validado. Control de calidad MFF
942 ## - ELEMENTOS DE PUNTO DE ACCESO ADICIONAL (KOHA)
Fuente del sistema de clasificación o colocación Dewey Decimal Classification
Tipo de ítem Koha Libro
Holdings
Estado de retiro Estado de pérdida Fuente del sistema de clasificación o colocación Restricciones de uso No para préstamo Código de colección Localización permanente Ubicación/localización actual Ubicación en estantería Fecha de adquisición Fuente de adquisición Total de préstamos Signatura topográfica completa Código de barras Fecha visto por última vez Precio válido a partir de Tipo de ítem Koha Número de copia
    Dewey Decimal Classification Excluido de préstamo   Patrimonio Dominicano Biblioteca Nacional Pedro Henríquez Ureña Biblioteca Nacional Pedro Henríquez Ureña Depósito 04.04.2025 Donado por Johnny Morillo   BNPHU PD Pe863.44 V297f 2000 2025-2660 04.04.2025 04.04.2025 Libro  
    Dewey Decimal Classification Excluido de préstamo   Patrimonio Dominicano Biblioteca Nacional Pedro Henríquez Ureña Biblioteca Nacional Pedro Henríquez Ureña Depósito 04.04.2025 Donado por el Consejo Nacional de Competibidad.   BNPHU PD Pe863.44 V297f 2000 2025-2661 04.04.2025 04.04.2025 Libro e.2

Powered by Koha